The collected essays of Bimal Krishna Matilal 7 (Record no. 94832)

MARC details
000 -LEADER
fixed length control field 01022nam a22002777a 4500
005 - DATE AND TIME OF LATEST TRANSACTION
control field 20250125135348.0
010 ## - LCCN (DPL NO)
LC control number ENG-113437-438
020 ## - INTERNATIONAL STANDARD BOOK NUMBER
International Standard Book Number 0199460949(v.1)
Terms of availability 550.00
020 ## - INTERNATIONAL STANDARD BOOK NUMBER
International Standard Book Number 9780199460946(v.1)
Terms of availability 550.00
020 ## - INTERNATIONAL STANDARD BOOK NUMBER
International Standard Book Number 0199460957(v.2)
Terms of availability 495.00
020 ## - INTERNATIONAL STANDARD BOOK NUMBER
International Standard Book Number 9780199460953(v.2)
Terms of availability 495.00
035 ## - SYSTEM CONTROL NUMBER
System control number EN-96969-970
037 ## - SOURCE OF ACQUISITION
Source of stock number/acquisition DBAD/PUB
082 ## - DEWEY DECIMAL CLASSIFICATION NUMBER
Classification number 181.4
245 ## - TITLE STATEMENT
Title The collected essays of Bimal Krishna Matilal 7
Statement of responsibility, etc edited by Jonardon Ganeri
260 ## - PUBLICATION, DISTRIBUTION, ETC. (IMPRINT)
Place of publication, distribution, etc New Delhi
Name of publisher, distributor, etc Oxford University Press
Date of publication, distribution, etc 2015
270 ## - ADDRESS
Address YMCA Library Building, 1 Jai Singh Road
City New Delhi
Postal code 110001
300 ## - PHYSICAL DESCRIPTION
Extent 2V.(xxxiv,458p.; vii,445p.)
Dimensions 23cm(pbk)
490 ## - SERIES STATEMENT
Series statement Philosophy, culture and religion
500 ## - GENERAL NOTE
General note Includes bibliographical references and index.
505 ## - FORMATTED CONTENTS NOTE
Formatted contents note V.1-Mind, language and world ; V.2-Philosophy, culture and religion
600 ## - SUBJECT ADDED ENTRY--PERSONAL NAME
Personal name Matilal, Bimal Krishna.
650 ## - SUBJECT ADDED ENTRY--TOPICAL TERM
Topical term or geographic name as entry element Indian philosophy.
700 ## - ADDED ENTRY--PERSONAL NAME
Personal name Ganeri, Jonardon
9 (RLIN) 77069
942 ## - ADDED ENTRY ELEMENTS (KOHA)
Source of classification or shelving scheme Dewey Decimal Classification
Item type English Books
Call number suffix COL
Classification part 181.4
Holdings
Withdrawn status Lost status Materials specified (bound volume or other part) Not for loan Collection code Home library Current library Date acquired Source of acquisition Cost, normal purchase price Full call number Barcode Copy number Cost, replacement price Koha item type
    v.1 Not For Loan Non-fiction D.B.Act.Division D.B.Act.Division 13/07/2015 DBAD/PUB 550.00 181.4 COL EN-96969 1 550.00 English Books
    v.2 Not For Loan Non-fiction D.B.Act.Division D.B.Act.Division 13/07/2015 DBAD/PUB 495.00 181.4 COL EN-96970 1 495.00 English Books

© Delhi Public Library
Hit Counter
free hit counter